| 000 | 00536cam a2200205ua 4500 | ||
|---|---|---|---|
| 001 | 10440 | ||
| 008 | 190225n ii |||gr||||Z||||||eng | ||
| 020 | _a9789384857950 | ||
| 040 | _cMAIN | ||
| 041 | _aeng | ||
| 082 | _a361.954 | ||
| 100 |
_aCN Shankar Rao, _eAuthor. |
||
| 245 |
_aIndian social problems _ba sociological perspective |
||
| 250 | _a1st ed. | ||
| 260 |
_aNew Delhi: _bS chand, _c2015. |
||
| 300 | _a645p,. | ||
| 653 | _aSocial problems & social welfare in general | ||
| 653 | _aSocial problems in India | ||
| 942 | _cBK | ||
| 999 |
_c9427 _d9427 |
||